000 00573nam 22001933 4500
001 201925
010 _a972-42-1367-6
021 _b101262/96
090 _a201925
100 _a20260423d u||y0pory50 ba
200 _aManhã, tarde & noite
_fSidney Sheldon
_gtradução Gabriela Corte-Real
210 _aLisboa
_cCírculo de Leitores
_d1996
215 _a324 p.
_cencadernado
_d20 cm
606 _916
_aLiteratura Americana
675 _a821.111(73)-3
_vPT
_zpor
700 _9757
_aSheldon
_bSidney
_f1917-2007
801 _aPT
_bBMMN
_gRPC
830 _cFernando
_fFernando
990 _cLIVROS